|
|
|
|
| LEADER |
00000nam0a2200000 4500 |
| 001 |
36675 |
| 005 |
20231031002315.0 |
| 010 |
|
|
|a 5339002268
|
| 035 |
|
|
|a (RuTPU)RU\TPU\book\37153
|
| 035 |
|
|
|a BOOK00003805
|
| 090 |
|
|
|a 36675
|
| 100 |
|
|
|a 20011210d1989 km y0rusy50 ca
|
| 101 |
0 |
|
|a rus
|
| 102 |
|
|
|a BY
|
| 105 |
|
|
|a y g 001zy
|
| 200 |
1 |
|
|a Математика для подготовительных отделений вузов
|e Справочное пособие
|f Г. М. Гусак, Д. А. Капуцкая
|
| 210 |
|
|
|a Москва
|c Высшая школа
|d 1989
|
| 215 |
|
|
|a 495 с.
|c ил.
|
| 320 |
|
|
|a Предм. указ.: с. 483-488.
|
| 610 |
1 |
|
|a математика
|
| 610 |
1 |
|
|a арифметика
|
| 610 |
1 |
|
|a алгебра
|
| 610 |
1 |
|
|a начала анализа
|
| 610 |
1 |
|
|a геометрия
|
| 610 |
1 |
|
|a задачи
|
| 610 |
1 |
|
|a упражнения
|
| 610 |
1 |
|
|a теория
|
| 610 |
1 |
|
|a справочники
|
| 675 |
|
|
|a 51(03)
|v 3
|
| 700 |
|
1 |
|a Гусак
|b Г. М.
|g Галина Максимовна
|
| 701 |
|
1 |
|a Капуцкая
|b Д. А.
|g Диана Андреевна
|
| 801 |
|
0 |
|a BY
|b 63413507
|c 20011210
|g PSBO
|
| 801 |
|
2 |
|a RU
|b 63413507
|c 20201106
|g PSBO
|
| 900 |
|
|
|a Математика
|
| 942 |
|
|
|c BK
|